| 000 | 00511 a2200181 4500 | ||
|---|---|---|---|
| 001 | 068264 | ||
| 003 | OSt | ||
| 005 | 20220215163246.0 | ||
| 008 | |||
| 082 |
_a368.01 _bD33P |
||
| 100 | 1 | _aDaykin, C.D. | |
| 245 | 1 |
_aPractical risk theory for actuaries _cby C.D. Daykin and M. Pesonen |
|
| 260 |
_aLondon _bChapman and Hall _c1994 |
||
| 300 | _a546p. | ||
| 653 | _aRisk (Insurance); Stochastic processes; Insurance--Mathematics | ||
| 700 | _aPesonen, M. | ||
| 942 |
_2ddc _cBK |
||
| 999 |
_c1972 _d1972 |
||